000
00288nam a2200097Ia 4500
001
645087
005
20250826153617.0
008
250824s9999 xx 000 0 und d
245
0
_a
SEYAHATNAMEDEN SEÇMELER ANTİK OKUL KLASİKLERİ
_c
EVLİYA ÇELEBİ
260
_b
ANTİK DÜNYA KLASİKLERİ
999
_c
645087
_d
645087